000
00262nam a2200121 a 4500
001
4144
005
20140414131907.0
008
090317s19uu xx 00 eng d
050
_a
ER
_b
B38 1981
100
_a
Bricknell, Jim
245
_a
Beaver.
999
_c
111016
_d
111016